[Event "Russian Higher League 2021"]
[Site "?"]
[Date "2021.07.05"]
[Round "9.24"]
[White "Tugarin, Anton"]
[Black "Samojlov, Anton"]
[Result "1/2-1/2"]
[WhiteElo "2247"]
[BlackElo "2372"]
[Annotator ""]
[Source ""]
[Remark ""]

1.e4 {[%clk 1:29:27]} c5 {[%clk 1:30:52]} 2.Nf3 {[%clk 1:29:30]}
d6 {[%clk 1:31:12]} 3.d4 {[%clk 1:29:45]} cxd4 {[%clk 1:31:28]}
4.Nxd4 {[%clk 1:29:58]} Nf6 {[%clk 1:31:47]} 5.Nc3 {[%clk 1:30:20]}
Nc6 {[%clk 1:32:08]} 6.Bg5 {[%clk 1:30:01]} e6 {[%clk 1:32:25]}
7.Qd2 {[%clk 1:30:12]} Qb6 {[%clk 1:32:40]} 8.Nb3 {[%clk 1:23:43]}
Be7 {[%clk 1:32:53]} 9.Bxf6 {[%clk 1:23:51]} Bxf6 {[%clk 1:32:31]}
10.Qxd6 {[%clk 1:24:12]} Be5 {[%clk 1:32:49]} 11.Qc5 {[%clk 1:24:34]}
Qxc5 {[%clk 1:32:57]} 12.Nxc5 {[%clk 1:24:56]} Ke7 {[%clk 1:33:17]}
13.Bb5 {[%clk 1:25:11]} Nb8 {[%clk 1:26:03]} 14.O-O-O {[%clk 1:08:06]}
b6 {[%clk 1:24:30]} 15.Nd3 {[%clk 0:53:39]} Bxc3 {[%clk 1:23:56]}
16.bxc3 {[%clk 0:54:07]} Bb7 {[%clk 1:24:11]} 17.f3 {[%clk 0:49:22]}
Rc8 {[%clk 1:23:32]} 18.Kb2 {[%clk 0:49:23]} a6 {[%clk 1:23:17]}
19.Ba4 {[%clk 0:49:45]} Rc7 {[%clk 1:23:30]} 20.h4 {[%clk 0:49:30]}
b5 {[%clk 1:23:26]} 21.Bb3 {[%clk 0:49:58]} Nd7 {[%clk 1:23:47]}
22.Nf4 {[%clk 0:46:01]} a5 {[%clk 1:16:58]} 23.a3 {[%clk 0:45:35]}
Ba6 {[%clk 1:10:15]} 24.Rd2 {[%clk 0:44:24]} Rac8 {[%clk 1:09:41]}
25.Ne2 {[%clk 0:42:02]} Nb6 {[%clk 1:09:29]} 26.Rhd1 {[%clk 0:33:22]}
Rc6 {[%clk 0:58:09]} 27.e5 {[%clk 0:30:49]} Rc5 {[%clk 0:49:40]}
28.Rd6 {[%clk 0:22:05]} R8c6 {[%clk 0:48:05]} 29.Rxc6 {[%clk 0:18:59]}
Rxc6 {[%clk 0:48:34]} 30.Nd4 {[%clk 0:18:36]} Rc7 {[%clk 0:29:12]}
31.h5 {[%clk 0:17:53]} Rc5 {[%clk 0:20:45]} 32.f4 {[%clk 0:17:25]}
Bb7 {[%clk 0:20:52]} 33.g3 {[%clk 0:13:43]} h6 {[%clk 0:18:58]}
34.Rd3 {[%clk 0:10:50]} a4 {[%clk 0:18:00]} 35.Ba2 {[%clk 0:10:49]}
Be4 {[%clk 0:18:10]} 36.Rd1 {[%clk 0:09:44]} Bd5 {[%clk 0:16:50]}
37.Bxd5 {[%clk 0:09:34]} Nxd5 {[%clk 0:17:19]} 38.Rd3 {[%clk 0:07:34]}
Nb6 {[%clk 0:17:19]} 39.Nf3 {[%clk 0:06:58]} f6 {[%clk 0:16:43]}
40.exf6+ {[%clk 0:35:12]} gxf6 {[%clk 0:44:04]} 41.g4 {[%clk 0:35:26]}
Nd5 {[%clk 0:43:05]} 42.f5 {[%clk 0:28:40]} exf5 {[%clk 0:42:05]}
43.gxf5 {[%clk 0:28:56]} Nf4 {[%clk 0:41:17]} 44.Re3+ {[%clk 0:28:33]}
Kf7 {[%clk 0:41:16]} 45.Nd4 {[%clk 0:28:48]} Nxh5 {[%clk 0:40:42]}
46.c4 {[%clk 0:27:12]} bxc4 {[%clk 0:35:32]} 47.Rf3 {[%clk 0:24:20]}
Re5 {[%clk 0:23:53]} 48.Kc3 {[%clk 0:23:34]} Re4 {[%clk 0:24:13]}
49.Kxc4 {[%clk 0:22:40]} Nf4 {[%clk 0:24:37]} 50.Kc5 {[%clk 0:21:55]}
h5 {[%clk 0:24:41]} 51.c4 {[%clk 0:21:08]} h4 {[%clk 0:23:34]}
52.Nb5 {[%clk 0:21:12]} Re5+ {[%clk 0:15:01]} 53.Kb6 {[%clk 0:19:37]}
Ng2 {[%clk 0:11:03]} 54.c5 {[%clk 0:19:05]} Re3 {[%clk 0:06:43]}
55.Rf1 {[%clk 0:17:03]} Rb3 {[%clk 0:06:33]} 56.Ka5 {[%clk 0:10:16]}
Ne3 {[%clk 0:06:23]} 57.Rh1 {[%clk 0:10:08]} Nxf5 {[%clk 0:05:32]}
58.Kxa4 {[%clk 0:10:14]} Rb2 {[%clk 0:05:29]} 59.c6 {[%clk 0:10:26]}
Rc2 {[%clk 0:05:06]} 60.c7 {[%clk 0:10:51]} Kg6 {[%clk 0:05:23]}
61.Kb3 {[%clk 0:08:59]} Rc6 {[%clk 0:05:44]} 62.a4 {[%clk 0:07:39]}
Kh5 {[%clk 0:05:00]} 63.Re1 {[%clk 0:06:20]} Kg4 {[%clk 0:03:59]}
64.Re6 {[%clk 0:04:26]} Rxc7 {[%clk 0:03:28]} 65.Re4+ {[%clk 0:04:03]}
Kf3 {[%clk 0:03:29]} 66.Rxh4 {[%clk 0:04:22]} Rc5 {[%clk 0:02:00]}
67.Rc4 {[%clk 0:04:20]} Rd5 {[%clk 0:01:58]} 68.Kb4 {[%clk 0:04:42]}
Ne3 {[%clk 0:01:53]} 69.Rd4 {[%clk 0:04:59]} Nc2+ {[%clk 0:01:36]}
70.Kc4 {[%clk 0:05:28]} Ne3+ {[%clk 0:01:52]} 71.Kd3 {[%clk 0:04:50]}
Rc5 {[%clk 0:01:21]} 72.Re4 {[%clk 0:04:58]} Nc2 {[%clk 0:00:59]}
73.Rc4 {[%clk 0:05:15]} Ne1+ {[%clk 0:00:43]} 74.Kc3 {[%clk 0:05:13]}
Re5 {[%clk 0:00:58]} 75.Nd4+ {[%clk 0:05:29]} Ke3 {[%clk 0:00:54]}
76.Nc6 {[%clk 0:05:46]} Re8 {[%clk 0:00:44]} 77.a5 {[%clk 0:04:01]}
Nd3 {[%clk 0:01:08]} 78.Nd4 {[%clk 0:03:06]} Ne5 {[%clk 0:01:17]}
79.Nf5+ {[%clk 0:03:28]} Kf3 {[%clk 0:01:26]} 80.Ra4 {[%clk 0:03:35]}
Rc8+ {[%clk 0:01:06]} 81.Kb3 {[%clk 0:02:34]} Nd3 {[%clk 0:01:03]}
82.Nd4+ {[%clk 0:01:52]} Ke3 {[%clk 0:01:21]} 83.Rc4 {[%clk 0:00:49]}
Rb8+ {[%clk 0:01:12]} 84.Kc3 {[%clk 0:01:05]} Ne5 {[%clk 0:01:22]}
85.Nf5+ {[%clk 0:01:25]} Kf3 {[%clk 0:01:41]} 86.Ra4 {[%clk 0:01:23]}
Rc8+ {[%clk 0:01:51]} 87.Kd4 {[%clk 0:01:18]} Nc6+ {[%clk 0:01:45]}
88.Kd5 {[%clk 0:01:41]} Nxa5 {[%clk 0:01:49]} 89.Rxa5 {[%clk 0:02:00]}
Re8 {[%clk 0:01:47]} 90.Nd4+ {[%clk 0:02:09]} Kf4 {[%clk 0:01:59]}
91.Ne6+ {[%clk 0:02:33]} Ke3 {[%clk 0:02:10]} 92.Ra3+ {[%clk 0:02:58]}
Kd2 {[%clk 0:02:27]} 93.Rf3 {[%clk 0:02:55]} Re7 {[%clk 0:02:25]}
94.Nf4 {[%clk 0:03:03]} Re3 {[%clk 0:02:18]} 95.Rf2+ {[%clk 0:03:23]}
Kc3 {[%clk 0:02:01]} 96.Ne2+ {[%clk 0:03:44]} Kd3 {[%clk 0:02:15]}
97.Nc1+ {[%clk 0:03:25]} Kc3 {[%clk 0:02:11]} 98.Na2+ {[%clk 0:03:50]}
Kb3 {[%clk 0:02:25]} 99.Kd4 {[%clk 0:04:08]} Re1 {[%clk 0:01:50]}
100.Nc3 {[%clk 0:04:34]} Rh1 {[%clk 0:01:39]} 101.Ne4 {[%clk 0:04:34]}
Rd1+ {[%clk 0:01:46]} 102.Ke3 {[%clk 0:04:38]} Rd8 {[%clk 0:02:04]}
103.Rf5 {[%clk 0:04:52]} Kc4 {[%clk 0:02:09]} 104.Rc5+ {[%clk 0:05:13]}
Kb4 {[%clk 0:02:27]} 105.Rc7 {[%clk 0:05:15]} f5 {[%clk 0:02:35]}
106.Rb7+ {[%clk 0:05:32]} Kc4 {[%clk 0:02:50]} 107.Nd2+ {[%clk 0:05:52]}
Kc5 {[%clk 0:03:11]} 108.Nb3+ {[%clk 0:06:05]} Kc4 {[%clk 0:03:27]}
109.Nd2+ {[%clk 0:06:15]} Kc5 {[%clk 0:03:50]} 110.Nf3 {[%clk 0:06:41]}
Ra8 {[%clk 0:04:00]} 111.Rc7+ {[%clk 0:06:59]} Kd5 {[%clk 0:04:21]}
112.Rd7+ {[%clk 0:07:17]} Kc5 {[%clk 0:04:44]} 113.Rd3 {[%clk 0:07:35]}
Ra4 {[%clk 0:04:52]} 114.Rc3+ {[%clk 0:07:41]} Kd5 {[%clk 0:05:13]}
115.Rb3 {[%clk 0:07:50]} Kc5 {[%clk 0:05:31]} 116.Kd3 {[%clk 0:08:13]}
Rf4 {[%clk 0:05:34]} 117.Nd2 {[%clk 0:07:28]} Rh4 {[%clk 0:05:53]}
118.Rc3+ {[%clk 0:07:32]} Kd5 {[%clk 0:06:13]} 119.Nf3 {[%clk 0:07:27]}
Ra4 {[%clk 0:06:15]} 120.Rc8 {[%clk 0:07:26]} Ra3+ {[%clk 0:06:39]}
121.Ke2 {[%clk 0:07:55]} f4 {[%clk 0:05:43]} 122.Rd8+ {[%clk 0:07:54]}
Ke4 {[%clk 0:05:44]} 123.Re8+ {[%clk 0:08:19]} Kd5 {[%clk 0:05:46]}
124.Re5+ {[%clk 0:08:43]} Kd6 {[%clk 0:06:11]} 125.Rf5 {[%clk 0:08:59]}
Re3+ {[%clk 0:06:13]} 126.Kf2 {[%clk 0:09:28]} Re4 {[%clk 0:06:14]}
127.Ng5 {[%clk 0:09:53]} Ra4 {[%clk 0:06:05]} 128.Nf3 {[%clk 0:09:25]}
Ra2+ {[%clk 0:06:13]} 129.Ke1 {[%clk 0:09:43]} Ke6 {[%clk 0:06:26]}
130.Rb5 {[%clk 0:09:32]} Kd6 {[%clk 0:06:42]} 131.Rh5 {[%clk 0:08:45]}
Ke6 {[%clk 0:07:03]} 132.Nd4+ {[%clk 0:08:57]} Kd6 {[%clk 0:07:23]}
133.Nb5+ {[%clk 0:09:04]} Ke6 {[%clk 0:07:41]} 134.Nc3 {[%clk 0:08:37]}
Rb2 {[%clk 0:08:04]} 135.Ne2 {[%clk 0:06:24]} f3 {[%clk 0:08:25]}
136.Nd4+ {[%clk 0:06:42]} Kd6 {[%clk 0:08:43]} 137.Nxf3 {[%clk 0:06:32]}
Ra2 {[%clk 0:09:01]} 138.Nd2 {[%clk 0:06:57]} Ke6 {[%clk 0:09:19]}
139.Ke2 {[%clk 0:07:16]} Kf6 {[%clk 0:09:03]} 140.Ke3 {[%clk 0:07:35]}
Ra1 {[%clk 0:09:12]} 141.Kf4 {[%clk 0:07:40]} Ke6 {[%clk 0:09:19]}
142.Nc4 {[%clk 0:07:51]} Re1 {[%clk 0:09:08]} 143.Ra5 {[%clk 0:07:24]}
Rh1 {[%clk 0:09:15]} 144.Ne3 {[%clk 0:06:11]} Rh4+ {[%clk 0:09:15]}
145.Ng4 {[%clk 0:06:28]} Rh1 {[%clk 0:09:35]} 146.Ra6+ {[%clk 0:06:37]}
Kd7 {[%clk 0:09:40]} 147.Nf6+ {[%clk 0:06:58]} Ke7 {[%clk 0:09:57]}
148.Ke5 {[%clk 0:07:20]} Re1+ {[%clk 0:10:10]} 149.Ne4 {[%clk 0:07:40]}
Kd7 {[%clk 0:10:34]} 150.Ra3 {[%clk 0:07:40]} Kc7 {[%clk 0:10:47]}
151.Ra4 {[%clk 0:07:00]} Rc1 {[%clk 0:10:41]} 152.Kd5 {[%clk 0:06:39]}
Rd1+ {[%clk 0:11:00]} 153.Ke6 {[%clk 0:06:59]} Rc1 {[%clk 0:11:14]}
154.Ra7+ {[%clk 0:06:32]} Kc6 {[%clk 0:11:27]} 155.Rh7 {[%clk 0:05:29]}
Re1 {[%clk 0:11:45]} 156.Ke5 {[%clk 0:05:53]} Rd1 {[%clk 0:11:44]}
157.Rh6+ {[%clk 0:05:49]} Kc7 {[%clk 0:11:44]} 158.Nc3 {[%clk 0:06:04]}
Rg1 {[%clk 0:10:41]} 159.Nd5+ {[%clk 0:06:00]} Kb7 {[%clk 0:10:54]}
160.Rb6+ {[%clk 0:06:24]} Kc8 {[%clk 0:11:03]} 161.Rc6+ {[%clk 0:05:05]}
Kb7 {[%clk 0:11:16]} 162.Rc7+ {[%clk 0:05:14]} Kb8 {[%clk 0:10:55]}
163.Rf7 {[%clk 0:05:19]} Rb1 {[%clk 0:10:49]} 164.Kd6 {[%clk 0:05:23]}
Rc1 {[%clk 0:10:33]} 165.Rh7 {[%clk 0:04:59]} Rd1 {[%clk 0:09:41]}
166.Kc5 {[%clk 0:03:50]} Rc1+ {[%clk 0:10:04]} 167.Kb5 {[%clk 0:04:12]}
Rb1+ {[%clk 0:10:28]} 168.Nb4 {[%clk 0:04:38]} Kc8 {[%clk 0:10:48]}
169.Rg7 {[%clk 0:04:14]} Kd8 {[%clk 0:11:08]} 170.Kc5 {[%clk 0:04:34]}
Ke8 {[%clk 0:11:21]} 171.Nd5 {[%clk 0:04:52]} Kf8 {[%clk 0:11:45]}
172.Ra7 {[%clk 0:04:55]} Rf1 {[%clk 0:12:07]} 173.Kd6 {[%clk 0:05:21]}
Rf7 {[%clk 0:12:26]} 174.Ne7 {[%clk 0:03:10]} Rf1 {[%clk 0:12:16]}
175.Ng6+ {[%clk 0:03:32]} Kg8 {[%clk 0:12:32]} 176.Ke6 {[%clk 0:03:30]}
Rf6+ {[%clk 0:12:32]} 177.Kxf6 {[%clk 0:03:35]} 1/2-1/2

[Event "Russian Higher League 2021"]
[Site "?"]
[Date "2021.07.05"]
[Round "9.25"]
[White "Zabotin, Alexander"]
[Black "Gitelson, Arkady"]
[Result "1-0"]
[WhiteElo "2506"]
[BlackElo "2230"]
[Annotator ""]
[Source ""]
[Remark ""]

1.d4 {[%clk 1:30:57]} Nf6 {[%clk 1:22:42]} 2.Nf3 {[%clk 1:31:16]}
e6 {[%clk 1:23:06]} 3.c4 {[%clk 1:31:41]} Bb4+ {[%clk 1:23:33]}
4.Bd2 {[%clk 1:32:07]} c5 {[%clk 1:24:00]} 5.Bxb4 {[%clk 1:32:16]}
cxb4 {[%clk 1:24:27]} 6.Qd3 {[%clk 1:31:42]} d6 {[%clk 1:24:10]}
7.e4 {[%clk 1:32:01]} Nc6 {[%clk 1:24:36]} 8.d5 {[%clk 1:31:24]}
Nb8 {[%clk 1:16:23]} 9.dxe6 {[%clk 1:27:07]} Bxe6 {[%clk 1:16:36]}
10.Nbd2 {[%clk 1:17:26]} Na6 {[%clk 1:13:53]} 11.Qd4 {[%clk 1:17:08]}
O-O {[%clk 1:10:47]} 12.Bd3 {[%clk 1:17:23]} Nc5 {[%clk 1:04:57]}
13.O-O {[%clk 1:17:24]} Qb6 {[%clk 1:01:03]} 14.Bc2 {[%clk 1:15:44]}
h6 {[%clk 0:55:04]} 15.Rfe1 {[%clk 1:16:00]} Rfd8 {[%clk 0:53:14]}
16.h3 {[%clk 1:16:21]} Rac8 {[%clk 0:52:18]} 17.Qe3 {[%clk 1:10:15]}
a5 {[%clk 0:39:47]} 18.Nd4 {[%clk 0:59:41]} Bd7 {[%clk 0:36:47]}
19.Nf1 {[%clk 0:56:50]} Re8 {[%clk 0:29:17]} 20.Ng3 {[%clk 0:54:51]}
Ne6 {[%clk 0:24:44]} 21.Ndf5 {[%clk 0:53:01]} Qxe3 {[%clk 0:24:14]}
22.Rxe3 {[%clk 0:52:34]} Rxc4 {[%clk 0:22:21]} 23.Bb3 {[%clk 0:52:58]}
Rc6 {[%clk 0:19:33]} 24.Rd1 {[%clk 0:50:40]} Rc7 {[%clk 0:11:17]}
25.Nxd6 {[%clk 0:50:43]} Ra8 {[%clk 0:11:45]} 26.e5 {[%clk 0:35:58]}
Ne8 {[%clk 0:11:55]} 27.Nge4 {[%clk 0:19:55]} a4 {[%clk 0:07:13]}
28.Bd5 {[%clk 0:20:15]} Nxd6 {[%clk 0:05:37]} 29.Nxd6 {[%clk 0:19:41]}
Rc2 {[%clk 0:05:53]} 30.Be4 {[%clk 0:14:37]} Rxb2 {[%clk 0:02:20]}
31.Nc4 {[%clk 0:14:05]} Rxa2 {[%clk 0:02:47]} 32.Rxd7 {[%clk 0:14:29]}
Ra1+ {[%clk 0:03:15]} 33.Kh2 {[%clk 0:14:50]} a3 {[%clk 0:03:43]}
34.Bd5 {[%clk 0:11:59]} a2 {[%clk 0:02:49]} 35.Nd6 {[%clk 0:12:02]}
Rh1+ {[%clk 0:01:56]} 36.Kxh1 {[%clk 0:12:27]} a1Q+ {[%clk 0:02:23]}
37.Kh2 {[%clk 0:12:50]} Ng5 {[%clk 0:01:33]} 38.Nxf7 {[%clk 0:11:33]}
Nxf7 {[%clk 0:01:25]} 39.e6 {[%clk 0:08:46]} Ng5 {[%clk 0:00:37]}
40.e7+ {[%clk 0:38:37]} Kh7 {[%clk 0:30:56]} 41.Rd8 {[%clk 0:39:03]}
Qf6 {[%clk 0:24:06]} 42.Rxa8 {[%clk 0:37:00]} Qd6+ {[%clk 0:24:32]}
43.Kg1 {[%clk 0:36:52]} 1-0

[Event "Russian Higher League 2021"]
[Site "?"]
[Date "2021.07.05"]
[Round "9.26"]
[White "Rudovskii, Filipp"]
[Black "Truskavetsky, Alexandr"]
[Result "0-1"]
[WhiteElo "2260"]
[BlackElo "2386"]
[Annotator ""]
[Source ""]
[Remark ""]

1.e4 {[%clk 1:30:56]} c5 {[%clk 1:30:53]} 2.Nf3 {[%clk 1:31:20]}
Nc6 {[%clk 1:31:10]} 3.Bb5 {[%clk 1:31:44]} g6 {[%clk 1:30:28]}
4.Bxc6 {[%clk 1:31:51]} bxc6 {[%clk 1:30:03]} 5.O-O {[%clk 1:31:51]}
Bg7 {[%clk 1:30:29]} 6.Re1 {[%clk 1:31:15]} f6 {[%clk 1:24:25]}
7.c3 {[%clk 1:27:07]} Nh6 {[%clk 1:24:07]} 8.d4 {[%clk 1:26:51]}
cxd4 {[%clk 1:21:34]} 9.cxd4 {[%clk 1:27:16]} O-O {[%clk 1:21:13]}
10.Nc3 {[%clk 1:26:49]} d6 {[%clk 1:11:36]} 11.h3 {[%clk 1:25:07]}
Rb8 {[%clk 1:10:23]} 12.b3 {[%clk 1:23:26]} Qa5 {[%clk 0:59:36]}
13.Bd2 {[%clk 1:22:11]} Qh5 {[%clk 0:59:53]} 14.Ne2 {[%clk 1:22:00]}
g5 {[%clk 0:59:48]} 15.Ng3 {[%clk 1:19:34]} Qg6 {[%clk 0:59:54]}
16.Rc1 {[%clk 1:17:53]} Bd7 {[%clk 1:00:10]} 17.Qc2 {[%clk 1:06:07]}
e5 {[%clk 0:35:20]} 18.Qc4+ {[%clk 1:05:26]} Kh8 {[%clk 0:26:15]}
19.dxe5 {[%clk 1:01:13]} fxe5 {[%clk 0:26:39]} 20.Nxg5 {[%clk 1:01:34]}
Bf6 {[%clk 0:17:45]} 21.h4 {[%clk 0:58:58]} Bd8 {[%clk 0:16:18]}
22.Rc2 {[%clk 0:44:15]} Ng4 {[%clk 0:16:12]} 23.h5 {[%clk 0:22:02]}
Qf6 {[%clk 0:12:25]} 24.Nf3 {[%clk 0:21:59]} Rg8 {[%clk 0:12:10]}
25.Nh1 {[%clk 0:16:51]} Bb6 {[%clk 0:12:03]} 26.Kf1 {[%clk 0:16:19]}
Rbf8 {[%clk 0:11:29]} 27.Bc3 {[%clk 0:13:05]} Qh6 {[%clk 0:07:44]}
28.Ke2 {[%clk 0:00:58]} Qxh5 {[%clk 0:04:16]} 29.Kd1 {[%clk 0:01:09]}
Nxf2+ {[%clk 0:02:48]} 30.Nxf2 {[%clk 0:01:38]} Rxg2 {[%clk 0:02:57]}
31.Nd3 {[%clk 0:01:44]} Qxf3+ {[%clk 0:02:32]} 32.Kc1 {[%clk 0:02:07]}
Rxc2+ {[%clk 0:02:02]} 33.Kxc2 {[%clk 0:02:36]} Qf6 {[%clk 0:01:56]}
34.Nxe5 {[%clk 0:01:33]} dxe5 {[%clk 0:01:39]} 35.Rf1 {[%clk 0:02:00]}
Bf2 {[%clk 0:01:44]} 36.Be1 {[%clk 0:00:46]} Qh4 {[%clk 0:00:52]}
37.Qe2 {[%clk 0:01:01]} Bxe1 {[%clk 0:00:36]} 38.Rxf8+ {[%clk 0:01:29]}
Kg7 {[%clk 0:01:00]} 39.Rf1 {[%clk 0:01:39]} Bg3 {[%clk 0:00:37]}
40.Qd3 {[%clk 0:31:25]} Qh2+ {[%clk 0:30:45]} 41.Kb1 {[%clk 0:31:42]}
Bg4 {[%clk 0:28:43]} 42.Qd8 {[%clk 0:27:58]} Bf4 {[%clk 0:23:11]}
43.Qe7+ {[%clk 0:28:23]} Kg6 {[%clk 0:21:50]} 44.Qe8+ {[%clk 0:28:37]}
Kh6 {[%clk 0:21:30]} 45.Qf8+ {[%clk 0:28:38]} Kh5 {[%clk 0:21:23]}
46.Qf7+ {[%clk 0:29:02]} Kh4 {[%clk 0:21:27]} 47.Qxh7+ {[%clk 0:29:23]}
Kg3 {[%clk 0:21:49]} 48.Qxa7 {[%clk 0:29:50]} Qe2 {[%clk 0:16:59]}
49.Qg1+ {[%clk 0:28:44]} Kh3 {[%clk 0:12:25]} 50.Re1 {[%clk 0:28:40]}
Qd3+ {[%clk 0:12:09]} 51.Kb2 {[%clk 0:29:07]} Qd2+ {[%clk 0:12:08]}
52.Ka3 {[%clk 0:28:34]} Kh4 {[%clk 0:10:02]} 53.Qf1 {[%clk 0:25:08]}
Qd6+ {[%clk 0:08:40]} 54.Kb2 {[%clk 0:24:16]} Be3 {[%clk 0:07:55]}
55.Rxe3 {[%clk 0:24:02]} Qd2+ {[%clk 0:08:19]} 56.Ka3 {[%clk 0:24:27]}
Qxe3 {[%clk 0:08:16]} 57.Qf6+ {[%clk 0:24:54]} Qg5 {[%clk 0:08:08]}
58.Qxc6 {[%clk 0:25:16]} Bf3 {[%clk 0:08:19]} 59.Qc3 {[%clk 0:24:54]}
Qf4 {[%clk 0:07:01]} 60.b4 {[%clk 0:25:19]} Bxe4 {[%clk 0:06:42]}
61.Ka4 {[%clk 0:25:44]} Bf3 {[%clk 0:05:52]} 62.Qc7 {[%clk 0:25:39]}
Kg3 {[%clk 0:05:30]} 63.Qg7+ {[%clk 0:25:56]} Kf2 {[%clk 0:05:42]}
64.Qc7 {[%clk 0:26:11]} Kg3 {[%clk 0:05:01]} 65.Qg7+ {[%clk 0:26:36]}
Bg4 {[%clk 0:05:25]} 66.Ka5 {[%clk 0:26:42]} e4 {[%clk 0:05:47]}
67.b5 {[%clk 0:26:57]} e3 {[%clk 0:05:45]} 68.b6 {[%clk 0:27:18]}
e2 {[%clk 0:05:44]} 69.Qc3+ {[%clk 0:27:45]} Kf2 {[%clk 0:05:46]}
70.Qc5+ {[%clk 0:27:45]} Kf1 {[%clk 0:05:26]} 71.Qb5 {[%clk 0:28:04]}
Qd2+ {[%clk 0:05:20]} 0-1

[Event "Russian Higher League 2021"]
[Site "?"]
[Date "2021.07.05"]
[Round "9.27"]
[White "Nurachev, Abdul"]
[Black "Borisov, Maxim S."]
[Result "0-1"]
[WhiteElo "1773"]
[BlackElo "2051"]
[Annotator ""]
[Source ""]
[Remark ""]

1.e4 {[%clk 1:30:55]} c6 {[%clk 1:30:55]} 2.d4 {[%clk 1:31:21]}
d5 {[%clk 1:31:21]} 3.exd5 {[%clk 1:31:46]} cxd5 {[%clk 1:31:47]}
4.Bd3 {[%clk 1:32:09]} Nc6 {[%clk 1:32:14]} 5.c3 {[%clk 1:32:33]}
Nf6 {[%clk 1:32:40]} 6.Bf4 {[%clk 1:32:47]} Bg4 {[%clk 1:33:04]}
7.Qb3 {[%clk 1:33:09]} Qd7 {[%clk 1:33:26]} 8.Nd2 {[%clk 1:31:18]}
e6 {[%clk 1:33:48]} 9.h3 {[%clk 1:30:07]} Bh5 {[%clk 1:33:40]}
10.Ngf3 {[%clk 1:30:30]} Bd6 {[%clk 1:34:03]} 11.Bxd6 {[%clk 1:30:20]}
Qxd6 {[%clk 1:34:32]} 12.O-O {[%clk 1:30:34]} O-O {[%clk 1:34:55]}
13.Rfe1 {[%clk 1:30:42]} Qc7 {[%clk 1:34:56]} 14.Re3 {[%clk 1:21:06]}
Rab8 {[%clk 1:33:26]} 15.Rae1 {[%clk 1:11:54]} b5 {[%clk 1:30:54]}
16.Qc2 {[%clk 1:10:05]} Bg6 {[%clk 1:31:07]} 17.Bxg6 {[%clk 1:03:36]}
hxg6 {[%clk 1:31:31]} 18.Nb3 {[%clk 1:03:27]} Ne4 {[%clk 1:26:43]}
19.Nfd2 {[%clk 1:01:43]} Nxd2 {[%clk 1:26:38]} 20.Qxd2 {[%clk 1:02:02]}
Na5 {[%clk 1:24:14]} 21.Nxa5 {[%clk 1:01:25]} Qxa5 {[%clk 1:24:43]}
22.a3 {[%clk 0:48:39]} Qc7 {[%clk 1:24:02]} 23.Rg3 {[%clk 0:48:04]}
Rfe8 {[%clk 1:16:40]} 24.Qg5 {[%clk 0:44:25]} Qe7 {[%clk 1:16:15]}
25.Qg4 {[%clk 0:43:54]} Qd6 {[%clk 0:41:08]} 26.f4 {[%clk 0:29:31]}
Qd8 {[%clk 0:39:20]} 27.h4 {[%clk 0:24:48]} Qf6 {[%clk 0:38:45]}
28.h5 {[%clk 0:22:02]} gxh5 {[%clk 0:38:27]} 29.Qxh5 {[%clk 0:22:27]}
a5 {[%clk 0:34:18]} 30.Re5 {[%clk 0:20:13]} g6 {[%clk 0:32:21]}
31.Qh6 {[%clk 0:16:44]} Qg7 {[%clk 0:32:41]} 32.Qxg7+ {[%clk 0:15:18]}
Kxg7 {[%clk 0:33:09]} 33.f5 {[%clk 0:15:39]} exf5 {[%clk 0:32:28]}
34.Rxf5 {[%clk 0:12:35]} Rbd8 {[%clk 0:30:51]} 35.b4 {[%clk 0:07:41]}
a4 {[%clk 0:30:28]} 36.Kf2 {[%clk 0:08:02]} f6 {[%clk 0:29:26]}
37.Rff3 {[%clk 0:06:55]} Re4 {[%clk 0:26:47]} 38.Re3 {[%clk 0:06:05]}
Rde8 {[%clk 0:22:10]} 39.Rxe4 {[%clk 0:04:46]} Rxe4 {[%clk 0:16:17]}
40.Rh3 {[%clk 0:34:54]} Re8 {[%clk 0:45:28]} 41.Rh1 {[%clk 0:34:47]}
Rh8 {[%clk 0:45:08]} 42.Re1 {[%clk 0:34:51]} Kf7 {[%clk 0:45:27]}
43.Rf1 {[%clk 0:34:47]} Rc8 {[%clk 0:44:07]} 44.Rc1 {[%clk 0:35:13]}
f5 {[%clk 0:41:47]} 45.Rc2 {[%clk 0:22:34]} Kf6 {[%clk 0:41:52]}
46.Rc1 {[%clk 0:18:31]} Kg5 {[%clk 0:41:04]} 47.Rc2 {[%clk 0:17:18]}
Kg4 {[%clk 0:39:55]} 48.Rc1 {[%clk 0:17:18]} g5 {[%clk 0:37:25]}
49.Rc2 {[%clk 0:17:22]} f4 {[%clk 0:36:56]} 50.Rc1 {[%clk 0:17:28]}
Rc7 {[%clk 0:37:14]} 51.Re1 {[%clk 0:14:54]} Rxc3 {[%clk 0:37:36]}
52.Re5 {[%clk 0:15:21]} Rxa3 {[%clk 0:33:52]} 53.Rxd5 {[%clk 0:15:43]}
Ra2+ {[%clk 0:34:17]} 54.Kf1 {[%clk 0:15:03]} Rb2 {[%clk 0:34:32]}
55.Rxb5 {[%clk 0:10:44]} a3 {[%clk 0:34:56]} 56.Ra5 {[%clk 0:10:57]}
a2 {[%clk 0:35:21]} 57.Kg1 {[%clk 0:11:20]} Rb1+ {[%clk 0:35:40]} 0-1